000 01462cam a2200397 a 4500
999 _c60277
_d60277
001 15781248
003 Nust
005 20180711043353.0
008 090618s2010 nyua b 000 1 eng
010 _a 2009024957
020 _a9781408805879 (pbk.)
_cRs. 1076
038 _aArshad
040 _aDLC
_cDLC
_dDLC
043 _aawba---
_aaw-----
050 0 0 _aPS3601.B86
_bS33 2010
082 0 0 _a813.6
_bABU
100 1 _aAbulhawa, Susan.
_911553
240 1 0 _aScar of David
245 1 0 _aMornings in Jenin :
_ba novel /
_cSusan Abulhawa.
250 _a1st U.S. ed.
260 _aNew York :
_bBloomsbury,
_c2010.
300 _axiii, 331 p. :
_bill. ;
_c22 cm.
500 _aPreviously published in 2006 under title: The scar of David.
504 _aIncludes bibliographical references (p. 331).
650 0 _aPalestinian Arabs
_vFiction.
_911554
650 0 _aArab-Israeli conflict
_vFiction.
_911555
650 0 _aRefugees, Palestinian Arab
_vFiction.
_911556
651 0 _aJenin
_vFiction.
_911557
651 0 _aPalestine
_xHistory
_yPartition, 1947
_vFiction.
_911558
651 0 _aPalestine
_xHistory
_y20th century
_vFiction.
_911559
651 0 _aMiddle East
_xPolitics and government
_y1945-
_vFiction.
_911560
655 7 _aHistorical fiction.
_2gsafd
_9417
906 _a7
_bcbc
_corignew
_d1
_eecip
_f20
_gy-gencatlg
942 _2ddc
_cBK